Ayrton Senna - Statistics

General Stats
  • This quiz has been taken 23 times
  • The average score is 8 of 10
Answer Stats
Question Answer % Correct
Where was he from? São Paulo, Brazil
88%
When and where did he die? 1994, Italy
82%
How many championships did Senna win? 3
82%
How old was Senna when he died? 34
82%
Who was his main rival? Alain Prost
82%
What was Senna's first f1 team? Tolemen
82%
What was the first year Senna won the championship? 1988
71%
The flag of what country was found in his cockpit after he died? Austria
71%
How many races did he win? 41
65%
What year was he born? 1960
53%
No matching quizzes found
Score Distribution
Percent of People with Each Score
Percentile by Number Answered
Your Score History
You have not taken this quiz